000 00649nam a22002297a 4500
003 DO-SdBNP
005 20180215110540.0
008 160718 1996 sp a spa d
020 _a8420769711
040 _aBPMSU
_bspa
_cBPMSU
100 1 _aAlcántara, Ricardo
245 1 3 _aEl hijo del viento /
_cRicardo Alcántara ; ilustraciones Gustii
260 _aMadrid :
_bGrupo Anaya,
_c1996.
300 _a63 p. :
_bil. ;
_c19 cm.
490 1 _aEl duende verde
_v90
521 _aA partir de 6 años.
700 1 2 _aGusti,
_eil.
830 0 _aEl duende verde
_n90
942 _2ddc
_cBK
945 _aInventariado, 2018 /LP
956 _aYLOCKWARD
_b10
_hBPMSU
999 _c12485
_d12485